Länder mit Google Street View in Asien - Statistiken

Allgemein
  • Dieses Quiz wurde 83 mal gespielt
  • Das Durchschnittsergebnis liegt bei 13 aus 22
Antwortstatistiken
Street
View
Land % Korrekt
fast überall Japan
96%
fast überall (China) Hong Kong
94%
fast überall Indonesien
82%
teilweise Indien
81%
teilweise Südkorea
81%
größtenteils Thailand
69%
größtenteils Malaysia
65%
fast überall Taiwan
65%
teilweise Mongolei
62%
sehr wenig Vietnam
62%
fast überall Singapur
59%
größtenteils Kambodscha
56%
sehr wenig Laos
56%
sehr wenig Pakistan
56%
größtenteils Bangladesch
54%
größtenteils Philippinen
51%
größtenteils Israel
49%
teilweise Vereinigte Arabische Emirate
49%
größtenteils Sri Lanka
46%
fast überall Bhutan
43%
teilweise Jordanien
35%
wenig Kirgistan
24%
Keine übereinstimmenden Quizze gefunden
Verteilung der Resultate
Anzahl Personen mit jedem Resultat
Perzentil nach korrekt beantworteten Fragen
Ihre Resultats-Entwicklung
Sie haben dieses Quiz noch nicht gespielt